[Event "Sao Paulo Schutt Cup 10th"]
[Site "Sao Paulo"]
[Date "2016.10.30"]
[Round "6"]
[White "Ferreira, Renato Luis Bueloni"]
[Black "Da Cunha, Gabriela Goes"]
[Result "1-0"]
[WhiteElo "1376"]
[BlackElo "1838"]
[PlyCount "95"]
[EventDate "2016.10.28"]
[EventType "swiss"]
[EventRounds "6"]
[EventCountry "BRA"]
[SourceTitle "CBM 175 Extra"]
[Source "ChessBase"]
[SourceDate "2016.12.12"]
[SourceVersion "1"]
[SourceVersionDate "2016.12.12"]
[SourceQuality "1"]

1. e4 c6 2. d4 d5 3. e5 Bf5 4. Nf3 e6 5. Be2 Nd7 6. Nc3 Bb4 7. 0-0 Bxc3 8. bxc3 Ne7 9. Rb1 Qc7 10. Bg5 Nc8 11. Nh4 0-0 12. Bg4 Bg6 13. Nxg6 hxg6 14. h4 Ncb6 15. Be2 f6 16. Bf4 fxe5 17. Bh2 Qd8 18. Bg3 exd4 19. cxd4 g5 20. h5 Rc8 21. Qd3 Qf6 22. c3 Qf5 23. Qe3 Rce8 24. Bd3 Qf7 25. Bg6 Qf6 26. Bxe8 Rxe8 27. f4 Qh6 28. Qf3 Nc4 29. Rf2 gxf4 30. Bxf4 Qh7 31. Rxb7 Re7 32. Rxa7 Rf7 33. Ra8+ Nf8 34. a4 g5 35. Qg4 Qe4 36. h6 Qe1+ 37. Rf1 Qxc3 38. Qxg5+ Kh7 39. Rxf8 Qxd4+ 40. Kh1 Rxf8 41. Qe7+ Kg8 42. h7+ Kh8 43. Qxf8+ Kxh7 44. Qf7+ Kh8 45. Rb1 Nb2 46. Qh5+ Kg8 47. Qg6+ Kf8 48. Bd6# 1-0

[Event "Sao Paulo Schutt Cup 10th"]
[Site "Sao Paulo"]
[Date "2016.10.30"]
[Round "5"]
[White "Taninaga, Isabella Miki Nakam"]
[Black "Ferreira, Renato Luis Bueloni"]
[Result "1-0"]
[WhiteElo "1842"]
[BlackElo "1376"]
[PlyCount "153"]
[EventDate "2016.10.28"]
[EventType "swiss"]
[EventRounds "6"]
[EventCountry "BRA"]
[SourceTitle "CBM 175 Extra"]
[Source "ChessBase"]
[SourceDate "2016.12.12"]
[SourceVersion "1"]
[SourceVersionDate "2016.12.12"]
[SourceQuality "1"]

1. d4 Nf6 2. Nf3 d5 3. c4 c6 4. cxd5 cxd5 5. Nc3 g6 6. Bf4 Bg7 7. Nb5 Qa5+ 8. Nc3 Nc6 9. e3 Bf5 10. Qb3 Nb4 11. Rc1 0-0 12. a3 Nc2+ 13. Rxc2 Bxc2 14. Qxc2 Rac8 15. Bd3 Nh5 16. 0-0 Nxf4 17. exf4 e6 18. Qb3 Qb6 19. Qxb6 axb6 20. Na4 Rc6 21. Bb5 Rc2 22. Rd1 Rfc8 23. Nxb6 R8c7 24. Ne1 Rxb2 25. a4 Rc3 26. g3 h5 27. Kg2 Bf6 28. Nd7 Bd8 29. Bd3 Ra2 30. Rb1 Rc7 31. Nc5 Kg7 32. Nf3 Be7 33. Rxb7 Rxb7 34. Nxb7 Rxa4 35. Kf1 Ra1+ 36. Ke2 Ra2+ 37. Ke1 Bb4+ 38. Kf1 Ra1+ 39. Ke2 Ra2+ 40. Kf1 Ra3 41. Be2 Ra1+ 42. Kg2 Ra7 43. Nd8 Rc7 44. Ba6 Be7 45. Nb7 f6 46. h3 g5 47. fxg5 fxg5 48. Ne5 Bf6 49. Nc5 Ra7 50. Be2 Bxe5 51. dxe5 Kg6 52. Nxe6 g4 53. hxg4 hxg4 54. Bxg4 Ra4 55. Bd1 Ra1 56. Bf3 Ra5 57. Nf4+ Kf5 58. e6 d4 59. Bh5 d3 60. e7 Re5 61. e8Q Rxe8 62. Bxe8 d2 63. Ba4 Kg5 64. Kh3 Kf5 65. Ne2 Kg5 66. f4+ Kg6 67. g4 Kh6 68. Kh4 Kg6 69. f5+ Kh6 70. g5+ Kg7 71. Kh5 Kh7 72. f6 d1Q 73. Bxd1 Kh8 74. g6 Kg8 75. Kh6 Kh8 76. g7+ Kg8 77. Bb3# 1-0

[Event "Sao Paulo-C U1700 op 5th"]
[Site "Sao Paulo"]
[Date "2016.10.16"]
[Round "6.25"]
[White "Ivanovic, Alejandro"]
[Black "Ferreira, Renato Luis Bueloni"]
[Result "1-0"]
[WhiteElo "1631"]
[BlackElo "1376"]
[PlyCount "55"]
[EventDate "2016.10.13"]
[EventType "swiss"]
[EventRounds "6"]
[EventCountry "BRA"]
[SourceTitle "EXT 2022"]
[Source "ChessBase"]
[SourceDate "2021.10.06"]
[SourceVersion "1"]
[SourceVersionDate "2021.10.06"]
[SourceQuality "1"]

1. d4 Nf6 2. c4 e5 3. dxe5 Ng4 4. Nf3 Nc6 5. Nc3 Bb4 6. Bg5 Be7 7. Bf4 Bc5 8. e3 Qe7 9. a3 Ngxe5 10. Nxe5 Nxe5 11. Nd5 Qd6 12. b4 Bb6 13. c5 Bxc5 14. bxc5 Qxc5 15. Bxe5 0-0 16. Bxc7 b6 17. Rc1 Qxa3 18. Rc3 Qa5 19. Bd6 Re8 20. Bb4 Qa2 21. Bc4 Rxe3+ 22. Rxe3 Qxf2+ 23. Kxf2 Bb7 24. Rh3 h6 25. Qc2 g6 26. Nc7 Rc8 27. Qxg6+ Kh8 28. Bc3+ 1-0

[Event "Sao Paulo-C U1700 op 5th"]
[Site "Sao Paulo"]
[Date "2016.10.13"]
[Round "1.8"]
[White "Nobre, Jose Adalberto Barb"]
[Black "Ferreira, Renato Luis Bueloni"]
[Result "1-0"]
[WhiteElo "1661"]
[BlackElo "1376"]
[PlyCount "53"]
[EventDate "2016.10.13"]
[EventType "swiss"]
[EventRounds "6"]
[EventCountry "BRA"]
[SourceTitle "EXT 2022"]
[Source "ChessBase"]
[SourceDate "2021.10.06"]
[SourceVersion "1"]
[SourceVersionDate "2021.10.06"]
[SourceQuality "1"]

1. e4 c5 2. Nc3 Nc6 3. f4 g6 4. Nf3 Bg7 5. Bb5 Nd4 6. 0-0 Nxb5 7. Nxb5 Nf6 8. d3 a6 9. Nc3 0-0 10. Qe1 e6 11. e5 Nd5 12. Ne4 b5 13. Qg3 f6 14. f5 exf5 15. Nd6 f4 16. Bxf4 Nxf4 17. Qxf4 fxe5 18. Qe4 Rb8 19. Qd5+ Kh8 20. Nxe5 Bxe5 21. Qxe5+ Kg8 22. Qd5+ Kg7 23. Rf7+ Rxf7 24. Qxf7+ Kh6 25. Qf4+ Kg7 26. Qe5+ Kh6 27. Nf7# 1-0

[Event "Sao Paulo op-B U2050 4th"]
[Site "Sao Paulo"]
[Date "2016.03.26"]
[Round "5"]
[White "Ribeiro, Cesar Augusto Basag"]
[Black "Ferreira, Renato Luis Bueloni"]
[Result "0-1"]
[WhiteElo "1422"]
[BlackElo "1396"]
[PlyCount "62"]
[EventDate "2016.03.24"]
[EventType "swiss"]
[EventRounds "7"]
[EventCountry "BRA"]
[SourceTitle "CBM 171 Extra"]
[Source "ChessBase"]
[SourceDate "2016.04.26"]
[SourceVersion "1"]
[SourceVersionDate "2016.04.26"]
[SourceQuality "1"]

1. d4 Nf6 2. Bf4 d5 3. e3 e6 4. Ne2 Bd6 5. Nbc3 a6 6. Qd3 Nbd7 7. 0-0-0 Nb6 8. Ng3 Ng4 9. Qe2 Nf6 10. Bg5 Be7 11. Bf4 Nc4 12. Rd3 c6 13. b3 Ba3+ 14. Kd1 Nb2+ 15. Kd2 Nxd3 16. Kxd3 b5 17. Bg5 Be7 18. Qf3 a5 19. a3 Ba6 20. Kd2 Bxa3 21. Bd3 Be7 22. Bf4 b4 23. Na4 Bxd3 24. Kxd3 h6 25. Nc5 Bxc5 26. dxc5 a4 27. Be5 axb3 28. cxb3 Ra3 29. Kc2 Ra2+ 30. Kd3 Ne4 31. Bxg7 Rd2# 0-1

[Event "Sao Paulo Hebraica op 20th"]
[Site "Sao Paulo"]
[Date "2015.06.06"]
[Round "5"]
[White "Ng, Paulino"]
[Black "Ferreira, Renato Luis Bueloni"]
[Result "1-0"]
[WhiteElo "1836"]
[BlackElo "1383"]
[PlyCount "63"]
[EventDate "2015.06.04"]
[EventType "swiss"]
[EventRounds "6"]
[EventCountry "BRA"]
[SourceTitle "CBM 166 Extra"]
[Source "ChessBase"]
[SourceDate "2015.06.18"]
[SourceVersion "1"]
[SourceVersionDate "2015.06.18"]
[SourceQuality "1"]

1. c4 e5 2. Nc3 Nc6 3. g3 Nf6 4. Bg2 Bc5 5. e3 0-0 6. Nge2 d6 7. a3 a6 8. d4 exd4 9. exd4 Ba7 10. 0-0 Bd7 11. b4 Rb8 12. Bg5 h6 13. Bxf6 Qxf6 14. Nd5 Qd8 15. Qd2 Be6 16. Ne3 Ne7 17. Nf4 c5 18. bxc5 dxc5 19. d5 Bf5 20. Rfd1 Qd7 21. Qc3 Bg6 22. Bh3 Bf5 23. Nxf5 Nxf5 24. Qe5 g6 25. Nh5 gxh5 26. Bxf5 Qe8 27. Qf6 Qd8 28. Qxh6 Re8 29. d6 f6 30. Qh7+ Kf8 31. Bg6 Re7 32. Qh8# 1-0

[Event "Sao Paulo Hebraica op 20th"]
[Site "Sao Paulo"]
[Date "2015.06.04"]
[Round "2"]
[White "Ferreira, Renato Luis Bueloni"]
[Black "Lima, Aine Carolina"]
[Result "1/2-1/2"]
[WhiteElo "1383"]
[BlackElo "1646"]
[PlyCount "119"]
[EventDate "2015.06.04"]
[EventType "swiss"]
[EventRounds "6"]
[EventCountry "BRA"]
[SourceTitle "CBM 166 Extra"]
[Source "ChessBase"]
[SourceDate "2015.06.18"]
[SourceVersion "1"]
[SourceVersionDate "2015.06.18"]
[SourceQuality "1"]

1. e4 c5 2. Nc3 e6 3. f4 d6 4. Nf3 Nd7 5. Bb5 Qc7 6. 0-0 a6 7. Bxd7+ Bxd7 8. d3 b5 9. Re1 e5 10. f5 Nf6 11. Bg5 Be7 12. Bxf6 Bxf6 13. Nd5 Qd8 14. h3 Bc6 15. c4 0-0 16. Qd2 Bxd5 17. cxd5 Rc8 18. g4 h6 19. Qh2 Be7 20. h4 f6 21. h5 c4 22. dxc4 Rxc4 23. Rac1 Qb6+ 24. Qf2 Qxf2+ 25. Kxf2 Rfc8 26. Rxc4 Rxc4 27. Nh4 Rc2+ 28. Re2 Rxe2+ 29. Kxe2 Bd8 30. Kd3 Bb6 31. a3 Bd4 32. Kc2 a5 33. Kb3 Kf7 34. Ng6 Ke8 35. Kc2 Kd7 36. b4 axb4 37. axb4 Kc7 38. Ne7 Kb6 39. Nc8+ Kc7 40. Ne7 Kb7 41. Nc6 Bf2 42. Na5+ Kb6 43. Nc6 Bg3 44. Ne7 Be1 45. Kb3 Bf2 46. Nc8+ Kc7 47. Ne7 Kb8 48. Nc6+ Kc8 49. Ne7+ Kb7 50. Nc6 Kb6 51. Ne7 Bd4 52. Nc8+ Kc7 53. Ne7 Kd7 54. Nc6 Bg1 55. Kc2 Bf2 56. Kb3 Kc7 57. Ne7 Kb6 58. Nc8+ Kc7 59. Ne7 Kd7 60. Nc6 1/2-1/2

[Event "BRA-ch Amateur"]
[Site "Sao Paulo"]
[Date "2015.04.30"]
[Round "1"]
[White "Ferreira, Renato Luis Bueloni"]
[Black "Felix, Raimundo Nascimento"]
[Result "0-1"]
[WhiteElo "1371"]
[BlackElo "1905"]
[PlyCount "78"]
[EventDate "2015.04.30"]
[EventType "swiss"]
[EventRounds "7"]
[EventCountry "BRA"]
[SourceTitle "EXT 2022"]
[Source "ChessBase"]
[SourceDate "2021.10.06"]
[SourceVersion "1"]
[SourceVersionDate "2021.10.06"]
[SourceQuality "1"]

1. e4 c5 2. Nf3 g6 3. d4 Bg7 4. Be3 Qb6 5. b3 d6 6. Na3 Qb4+ 7. Qd2 Qxa3 8. Bb5+ Bd7 9. Bxd7+ Nxd7 10. 0-0 Ngf6 11. Qd3 0-0 12. h3 Qa6 13. Qxa6 bxa6 14. dxc5 Nxe4 15. Rad1 Nexc5 16. Bxc5 Nxc5 17. Rfe1 Bf6 18. g3 Rac8 19. c4 a5 20. Re3 a6 21. a4 Rb8 22. Rb1 Nxa4 23. Nd2 Nc5 24. Ne4 Nxe4 25. Rxe4 Rb4 26. Re2 Rfb8 27. Ra2 a4 28. h4 axb3 29. Rxa6 Rxc4 30. Kg2 b2 31. Ra2 Rc1 32. Rbxb2 Rxb2 33. Ra8+ Kg7 34. Ra4 Rd2 35. Rf4 Bd4 36. g4 Rcc2 37. Kg3 Bxf2+ 38. Kf3 Rc3+ 39. Kg2 Bc5+ 0-1

[Event "BRA-ch Amateur"]
[Site "Sao Paulo"]
[Date "2015.04.02"]
[Round "5"]
[White "Ferreira, Renato Luis Bueloni"]
[Black "Resende, Lucas B Massucato"]
[Result "1-0"]
[WhiteElo "1371"]
[BlackElo "1675"]
[PlyCount "43"]
[EventDate "2015.04.30"]
[EventType "swiss"]
[EventRounds "7"]
[EventCountry "BRA"]
[SourceTitle "EXT 2022"]
[Source "ChessBase"]
[SourceDate "2021.10.06"]
[SourceVersion "1"]
[SourceVersionDate "2021.10.06"]
[SourceQuality "1"]

1. e4 e6 2. d4 d5 3. Nd2 c5 4. c3 cxd4 5. cxd4 Nc6 6. Ngf3 Bb4 7. e5 Nge7 8. a3 Ba5 9. Bd3 0-0 10. 0-0 Bb6 11. Nb3 Nf5 12. Bxf5 exf5 13. Bg5 Qe8 14. Re1 h6 15. Bf4 g5 16. Nxg5 hxg5 17. Bxg5 Qe6 18. Bf6 Ne7 19. Qh5 Ng6 20. Re3 Bd8 21. Rh3 Re8 22. Qh7+ 1-0

[Event "Sao Paulo op-B 2nd"]
[Site "Sao Paulo"]
[Date "2015.02.07"]
[Round "4"]
[White "Zmetek, Marcos Simao"]
[Black "Ferreira, Renato Luis Bueloni"]
[Result "1/2-1/2"]
[WhiteElo "1583"]
[BlackElo "1368"]
[PlyCount "149"]
[EventDate "2015.02.05"]
[EventType "swiss"]
[EventRounds "6"]
[EventCountry "BRA"]
[SourceTitle "CBM 164 Extra"]
[Source "ChessBase"]
[SourceDate "2015.03.02"]
[SourceVersion "1"]
[SourceVersionDate "2015.03.02"]
[SourceQuality "1"]

1. e4 d6 2. d4 Nf6 3. Nc3 g6 4. Bg5 Bg7 5. Nf3 0-0 6. Bc4 c5 7. d5 a6 8. Bxf6 Bxf6 9. Qd2 Bg7 10. 0-0 Nd7 11. Rfe1 Qc7 12. a4 Nf6 13. Rad1 Bg4 14. Qe3 Rab8 15. h3 Bd7 16. b3 b5 17. axb5 axb5 18. Be2 b4 19. Na2 Ra8 20. Ra1 Nh5 21. c3 Qb7 22. g4 Nf6 23. c4 Rfe8 24. Bd3 h6 25. Qd2 Nh7 26. Rab1 h5 27. g5 Bxh3 28. Kh2 Qd7 29. Rg1 Bg4 30. Be2 Be5+ 31. Nxe5 dxe5 32. Bxg4 hxg4 33. Nc1 f6 34. gxf6 exf6 35. Qh6 Qg7 36. Qe3 Rec8 37. Nd3 Ng5 38. Kg2 Qh7 39. Rh1 Qa7 40. Qg3 Nxe4 41. Qh4 Qg7 42. Qxg4 Ng5 43. Ra1 e4 44. Rxa8 Rxa8 45. Nxc5 Ra2 46. Nxe4 Nxe4 47. Qxe4 f5 48. Qe8+ Qf8 49. Qxf8+ Kxf8 50. Rh7 Ke8 51. Rb7 Ra6 52. c5 Kd8 53. c6 g5 54. Rxb4 Kc7 55. Rb7+ Kc8 56. b4 Ra3 57. f3 Rd3 58. Rd7 Rd2+ 59. Kf1 Rb2 60. Rb7 Rd2 61. Rg7 Rxd5 62. Rxg5 Kc7 63. Rg6 Rb5 64. Rf6 Rxb4 65. Rxf5 Kxc6 66. Ke2 Kd6 67. Ke3 Ke6 68. Rf4 Rb3+ 69. Kf2 Ke5 70. Re4+ Kf5 71. Kg3 Rb6 72. Ra4 Rg6+ 73. Kf2 Rg8 74. f4 Rg4 75. Ke3 1/2-1/2

[Event "Sao Paulo Hebraica op 18th"]
[Site "Sao Paulo"]
[Date "2014.07.19"]
[Round "3"]
[White "Camargo, Luca Oshiro"]
[Black "Ferreira, Renato Luis Bueloni"]
[Result "1-0"]
[WhiteElo "1494"]
[BlackElo "1398"]
[PlyCount "85"]
[EventDate "2014.07.17"]
[EventType "swiss"]
[EventRounds "6"]
[EventCountry "BRA"]
[SourceTitle "CBM 161 Extra"]
[Source "ChessBase"]
[SourceDate "2014.08.29"]
[SourceVersion "1"]
[SourceVersionDate "2014.08.29"]
[SourceQuality "1"]

1. e4 c5 2. d4 cxd4 3. c3 dxc3 4. Nxc3 d6 5. Nf3 Bg4 6. h3 Be6 7. Bb5+ Nc6 8. Nd4 Bd7 9. Nxc6 bxc6 10. Bc4 Nf6 11. 0-0 g6 12. Qe2 Bg7 13. Rd1 0-0 14. e5 dxe5 15. Qxe5 e6 16. Be3 Qb8 17. Qxb8 Raxb8 18. b3 Ne4 19. Nxe4 Bxa1 20. Rxa1 a5 21. Nf6+ Kg7 22. Nxd7 Rb4 23. Nxf8 Kxf8 24. Bc5+ Kg7 25. Bxb4 axb4 26. Rd1 c5 27. Rd7 Kf6 28. g4 h5 29. f4 hxg4 30. hxg4 Kg7 31. Bxe6 g5 32. Rxf7+ Kg6 33. fxg5 c4 34. Rf6+ Kxg5 35. Rf5+ Kg6 36. bxc4 b3 37. axb3 Kg7 38. c5 Kg6 39. c6 Kg7 40. c7 Kg6 41. c8Q Kg7 42. Qg8+ Kh6 43. Rf6# 1-0

[Event "Sao Paulo Hebraica op 18th"]
[Site "Sao Paulo"]
[Date "2014.07.17"]
[Round "1"]
[White "Ikejiri, Daniel Yoshito"]
[Black "Ferreira, Renato Luis Bueloni"]
[Result "1-0"]
[WhiteElo "1885"]
[BlackElo "1398"]
[PlyCount "93"]
[EventDate "2014.07.17"]
[EventType "swiss"]
[EventRounds "6"]
[EventCountry "BRA"]
[SourceTitle "CBM 161 Extra"]
[Source "ChessBase"]
[SourceDate "2014.08.29"]
[SourceVersion "1"]
[SourceVersionDate "2014.08.29"]
[SourceQuality "1"]

1. Nf3 d5 2. d4 Nf6 3. g3 g6 4. Bg2 Bg7 5. 0-0 0-0 6. c4 c6 7. b3 a6 8. Bb2 Bg4 9. Nc3 b5 10. Ne5 bxc4 11. Nxg4 Nxg4 12. e4 Nf6 13. e5 Ne4 14. Nxe4 dxe4 15. bxc4 f5 16. exf6 Bxf6 17. Bxe4 Ra7 18. Rb1 Rd7 19. d5 cxd5 20. Bxd5+ Kg7 21. Bxf6+ exf6 22. Qg4 f5 23. Qd4+ Qf6 24. Qxf6+ Kxf6 25. Rb6+ Kg7 26. Rfb1 Rdd8 27. Rb7+ Nd7 28. Be6 Rb8 29. Bxd7 Rxb7 30. Rxb7 Kf6 31. Bc6 h5 32. Bd5 a5 33. h4 Re8 34. Rb6+ Kg7 35. Ra6 Re1+ 36. Kg2 Re2 37. Rxa5 Re7 38. a4 Kf6 39. Ra8 Ke5 40. a5 Rc7 41. a6 Kd4 42. Rb8 Ra7 43. Bb7 Kxc4 44. Rg8 Kd4 45. Rxg6 Ke5 46. f4+ Kd4 47. Rg5 1-0

[Event "Sao Paulo Hebraica op 17th"]
[Site "Sao Paulo"]
[Date "2014.01.11"]
[Round "4"]
[White "De Oliveira, Francemir Barra"]
[Black "Ferreira, Renato Luis Bueloni"]
[Result "1-0"]
[WhiteElo "1801"]
[BlackElo "1682"]
[PlyCount "87"]
[EventDate "2014.01.09"]
[EventType "swiss"]
[EventRounds "6"]
[EventCountry "BRA"]
[SourceTitle "CBM 158 Extra"]
[Source "ChessBase"]
[SourceDate "2014.02.28"]
[SourceVersion "1"]
[SourceVersionDate "2014.02.28"]
[SourceQuality "1"]

1. e4 d6 2. d4 Nf6 3. Bd3 g6 4. Nc3 Bg7 5. Nge2 0-0 6. f3 a6 7. Be3 Nbd7 8. Qd2 b6 9. g4 Rb8 10. h4 e5 11. h5 exd4 12. Nxd4 Ne5 13. Bh6 c5 14. Bxg7 Kxg7 15. hxg6 fxg6 16. Qh6+ Kf7 17. g5 cxd4 18. 0-0-0 dxc3 19. Be2 Be6 20. f4 Nfg4 21. Qh4 Ne3 22. Rd4 Bxa2 23. b3 Rc8 24. Qf2 N3g4 25. Qg3 b5 26. Bxg4 Nxg4 27. Rxh7+ Ke8 28. Qxg4 Rc7 29. Qe6+ Re7 30. Qxg6+ Ref7 31. Rxd6 Qe7 32. Re6 Kd7 33. Rxe7+ Rxe7 34. Rxe7+ Kxe7 35. f5 Rd8 36. Qe6+ Kf8 37. g6 Bxb3 38. cxb3 Kg7 39. Qe7+ Kh6 40. Qxd8 b4 41. Qh4+ Kg7 42. e5 a5 43. Qh7+ Kf8 44. Qf7# 1-0

[Event "Sao Paulo Hebraica op 17th"]
[Site "Sao Paulo"]
[Date "2014.01.11"]
[Round "3"]
[White "Ferreira, Renato Luis Bueloni"]
[Black "Hoshino, Meilin"]
[Result "1-0"]
[WhiteElo "1682"]
[BlackElo "1483"]
[PlyCount "49"]
[EventDate "2014.01.09"]
[EventType "swiss"]
[EventRounds "6"]
[EventCountry "BRA"]
[SourceTitle "CBM 158 Extra"]
[Source "ChessBase"]
[SourceDate "2014.02.28"]
[SourceVersion "1"]
[SourceVersionDate "2014.02.28"]
[SourceQuality "1"]

1. e4 c5 2. Nc3 e6 3. f4 a6 4. Nf3 b5 5. d3 Bb7 6. Bd2 d6 7. Be2 Nd7 8. 0-0 Be7 9. b3 Ngf6 10. Qe1 0-0 11. a4 b4 12. Nd1 a5 13. Ne3 Rc8 14. Qg3 Qc7 15. f5 e5 16. Ng4 Rfe8 17. Nh6+ Kf8 18. Ng5 g6 19. Nxh7+ Kg7 20. fxg6 fxg6 21. Bh5 Nxh5 22. Rf7+ Kh8 23. Qxg6 Nhf6 24. Nxf6 Nxf6 25. Qg7# 1-0

[Event "Sao Paulo Hebraica op 17th"]
[Site "Sao Paulo"]
[Date "2014.01.10"]
[Round "2"]
[White "Hoshino, Karen M"]
[Black "Ferreira, Renato Luis Bueloni"]
[Result "1-0"]
[WhiteElo "1711"]
[BlackElo "1682"]
[PlyCount "127"]
[EventDate "2014.01.09"]
[EventType "swiss"]
[EventRounds "6"]
[EventCountry "BRA"]
[SourceTitle "CBM 158 Extra"]
[Source "ChessBase"]
[SourceDate "2014.02.28"]
[SourceVersion "1"]
[SourceVersionDate "2014.02.28"]
[SourceQuality "1"]

1. d4 Nf6 2. Nf3 g6 3. c3 d5 4. Bg5 Bg7 5. Nbd2 Nbd7 6. e3 c6 7. Be2 h6 8. Bh4 0-0 9. 0-0 g5 10. Bg3 Nh5 11. Qc2 Nxg3 12. hxg3 Nf6 13. Rfe1 Qc7 14. e4 e6 15. e5 Ng4 16. Nxg5 hxg5 17. Bxg4 Qe7 18. Nb3 b6 19. Be2 c5 20. Rac1 f6 21. exf6 Bxf6 22. dxc5 bxc5 23. Bf3 Bb7 24. Na5 Rab8 25. Nxb7 Qxb7 26. Rxe6 Qxb2 27. Qxb2 Rxb2 28. Bxd5 Kg7 29. Ra6 Re2 30. Rxa7+ Re7 31. Rxe7+ Bxe7 32. a4 Bd8 33. Rb1 Ba5 34. Rb7+ Kf6 35. c4 Bb4 36. Rb5 Re8 37. a5 Re1+ 38. Kh2 Ra1 39. Rb6+ Ke5 40. a6 Kd4 41. f4 gxf4 42. gxf4 Be1 43. f5 Bh4 44. f6 Ra3 45. g4 Bg5 46. f7 Be7 47. Re6 Bf8 48. g5 Bg7 49. Re8 Rxa6 50. f8Q Bxf8 51. Rxf8 Rg6 52. Rf5 Rg7 53. Kg3 Rg6 54. Kg4 Rg7 55. Rf7 Rg6 56. Kh5 Rxg5+ 57. Kxg5 Ke5 58. Rf4 Kd6 59. Kf6 Kd7 60. Ke5 Kc7 61. Rf7+ Kb6 62. Kd6 Ka5 63. Kxc5 Ka6 64. Rg7 1-0